000 01404nam a22003857a 4500
003 CHAP
005 20220329141719.0
008 971013s1975 r 00010 d
010 _a72680
011 _a73652
035 _a83210
040 _cCHAP
082 _a595.701
_bC6
100 0 0 _aCandy, D. J.
_eed
_918347
245 _aInsect biochemistry and function
260 _aLondon :
_bChapman,
_c1975
300 _a314 p.
_b: ilus.
490 _aScience paperbacks
590 _aBATCH-UPD
_b10
_c20130110
_lUCH01
_h0457
590 _aBATCH-UPD
_b10
_c20130110
_lUCH01
_h2212
590 _aBATCH-UPD
_b10
_c20130410
_lUCH01
_h0135
590 _aBATCH-UPD
_b10
_c20130914
_lUCH01
_h0833
590 _aCONVERSION
_b10
_c20130109
_lUCH01
_h1340
650 1 4 _aInsectos
_xAnatomĂ­a y fisiologĂ­a.
_958891
650 1 4 _aInsectos
_xVuelo.
_958948
700 0 _aKilby, B. A.
_eed
_963200
830 0 _aScience paperbacks
_9103321
901 _aBK
942 _cLIBRO
949 _a595.701 C6
_bBC
_cLIBRO
_d33724000370748
_eLIBRO
_h45081
_i83210
_si
_t330.00
949 _a595.701 C6
_bBC
_cLIBRO
_d33724000370755
_eLIBRO
_fc.2
_h46015
_i83210
_si
_t330.00
949 _a595.701 C6
_bBC
_cLIBRO
_d33724000370763
_eLIBRO
_fc.3
_h52183
_i83210
_si
_t330.00
949 _a595.701 C6
_bBC
_cLIBRO
_d33724000370771
_eLIBRO
_fc.4
_h52184
_i83210
_si
_t330.00
949 _a595.701 C6
_bBC
_cLIBRO
_d33724000370789
_eLIBRO
_fc.5
_h52185
_i83210
_si
_t330.00
999 _c72680
_d72680